Beijing Airport (PEK) Destinations - Statistics

General Stats
  • This quiz has been taken 691 times
    608 since last reset
  • The average score is 108 of 279
Answer Stats
Hint Answer % Correct
Aeroflot, Air China, Hainan Air Moscow–Sheremetyevo
88%
Ural Air Moscow–Zhukovsky
88%
Air China, All Nippon Airways, Hainan Air, Japan Air Tokyo-Haneda
88%
Air China, All Nippon Airways, China Eastern, Japan Air, Mega Maldives, Pakistan International Air Tokyo-Narita
88%
Air China, Asiana Air, China Southern, Korean Air Seoul-Gimpo
87%
Air China, Asiana Air, China Southern, Korean Air Seoul-Incheon
87%
Air China, American Airlines Los Angeles
85%
Air China, China Eastern, Hainan Air, Shanghai Air, Thai Airways, Ural Air Bangkok-Suvarnabhumi
84%
Air China, Cathay Pacific, China Southern, Dragonair, Hong Kong Air Hong Kong
83%
Air China, British Airways London-Heathrow
83%
Air China, All Nippon Airways, China Eastern, Shenzhen Air Osaka-Kansai
83%
Air China, China Eastern, China Southern, Hainan Air, Juneyao Air, Shanghai Air, Xiamenair Shanghai-Hongqiao
83%
Air China, China Eastern, Hainan Air Shanghai-Pudong
83%
Air China New York-JFK
82%
Air China, China Airlines, EVA Air, Hainan Air Taipei-Taoyuan
82%
Air China, Air France Paris-Charles de Gaulle
81%
Air China, Emirates Dubai
80%
Air China, Cebu Pacific, Philippine Air Manila
80%
Air China, Garuda Indonesia Jakarta
79%
Air Canada, Hainan Air Toronto-Pearson
79%
Air China, Singapore Air Singapore
78%
Air Canada, Air China Vancouver
78%
Air China, Lufthansa Frankfurt
77%
Air China, China Eastern, China Southern, Hainan Air Guangzhou
76%
Vietnam Air Hanoi
76%
Air China, AirAsia X, Malaysia Air Kuala Lumpur
76%
Air China, Lufthansa Munich
76%
Air China, United San Francisco
76%
Turkish Air Istanbul
75%
Hainan Air Saint Petersburg
75%
Air China, China Eastern, Qantas Sydney
75%
Air China, China Southern, Hainan Air, Shenzhen Air Shenzhen
74%
Air China, China Eastern Delhi
73%
Qatar Airways Doha
73%
Air China, China Eastern, China Southern, Hainan Air, Shenzhen Air Xi'an
73%
Etihad Airways Abu Dhabi
72%
China Southern, KLM Amsterdam
72%
Air Astana, Air China Astana
72%
EgyptAir Cairo
72%
America Airlines, Hainan Air Chicago-O'hare
72%
Air China Mumbai
72%
Air China Rome
72%
Air China, Beijing Capital Air, Hainan Air, Shandong Air, Xiamenair Xiamen
72%
Air China, China Southern, Hainan Air, Sichuan Air Chengdu
71%
Air China Madrid
71%
Finnair Helsinki
70%
Air Koryo Pyongyang
70%
Air China, Asiana Air, Korean Air Busan
69%
American Airlines Dallas/Fort Worth
69%
Air China, Austrian Air Vienna
69%
Air Macau, Beijing Capital Air Macau
68%
Air China Melbourne
68%
Delta, Hainan Air Seattle/Tacoma
68%
Air China, China Eastern, China Southern, Hainan Air Wuhan
68%
Hainan Air Berlin-Tegel
67%
Air China, Pakistan International Air Islamabad
67%
Air China, Pakistan International Air Karachi
67%
China Southern, Iran Air, Mahan Air Tehran
67%
Air China, LOT Polish Warsaw
67%
Air China, Swiss International Air Zurich
67%
Air China Barcelona
65%
Air China, China Southern, Hainan Air, Shandong Air, Sichuan Air Chongqing
65%
SAS Copenhagen
65%
Air China Houston
65%
Air China Milan-Malpensa
65%
Air China, United Washington-Dulles
65%
Air China Stockholm-Arlanda
64%
El Al, Hainan Air Tel Aviv
64%
Air Astana, Hainan Air Almaty
63%
Air China, China Southern Ho Chi Minh City
63%
Air China Montreal
63%
Air China, China Eastern Nanjing
63%
Air China, Beijing Capital Air, China Eastern, China Southern, Hainan Air, Loong Air, Shanghai Air, Xiamenair Hangzhou
62%
Air China Sapporo
62%
Air China, Beijing Capital Air, China Southern, Hainan Air, Sichuan Air Urumqi
62%
Air Algerie Algiers
61%
Air China Athens
61%
Ukraine International Airlines Kiev
61%
Air China, China Eastern, Etihad Airways Nagoya
61%
Air China, MIAT Mongolia Air Ulaanbaatar
61%
Hainan Air Boston
60%
Air China, China Eastern, China Southern, Grand China Air, Sichuan Air Harbin
60%
Air China, China Eastern, Qingdao Air, Shandong Air Qingdao
60%
Air China Auckland
59%
China Eastern, Garuda Indonesia, Hainan Air Denpasar/Bali
59%
Air China, China Eastern, Korean Air Jeju
59%
Air China, Hainan Air, Nok Air, Thai Air Phuket
59%
China Southern, Uzbekistan Air Tashkent
59%
Air China Brisbane
58%
Air China, Fuzhou Air, Hainan Air, Shandong Air, Xiamenair Fuzhou
58%
Pakistan International Air Lahore
58%
Beijing Capital Air Lisbon
58%
Aeroflot, S7 Vladivostok
58%
Azerbaijan Air Baku
57%
Air China, Philippine Air Cebu
57%
SriLankan Air Colombo
57%
Air China, China Eastern, China Southern, Hainan Air, Lucky Air, Sichuan Air Kunming
57%
Air China, China Eastern, Tibet Air Lhasa
57%
Hainan Air Brussels
56%
Air China, Hawaiian Air Honolulu
56%
Hainan Air Manchester
56%
Ethiopian Air Addis Ababa
55%
Air China, China Eastern Fukuoka
55%
Air China Johannesburg
55%
China Eastern Dhaka
54%
Air China, China Southern Shenyang
54%
Beijing Capital Air, Mega Maldives Male
53%
Air China Budapest
52%
Air China, Beijing Capital Air, China Eastern, China Southern, Hainan Air Haikou
52%
Hainan Air Mexico City
52%
Air China, China Eastern Dali
51%
Iraqi Air Baghdad
50%
Air China Geneva
49%
Air China Sao Paulo
49%
Air China, China Southern, Hainan Air, Xiamenair Changsha
48%
Delta Detroit
48%
Air China, China Eastern, China Southern, Hainan Air Dalian
47%
Air China, China Southern, Hainan Air, Shenzhen Air Nanning
47%
Hainan Air Prague
47%
Air China Yangon
47%
Air China, China Southern Zhengzhou
47%
Air China Hiroshima
46%
Air China, United Newark
45%
Turkmenistan Air Ashgabat
43%
Hainan Air Las Vegas
43%
Hainan Air Calgary
42%
Air China, China Eastern, Hainan Air Wenzhou
42%
Tajik Air Dushanbe
41%
China Airlines Kaohsiung
41%
S7 Novosibirsk
41%
Air China, China Eastern Hefei
40%
Air China Chiang Mai
39%
Air China, Beijing Capital Air, China Southern, Hainan Air, Sichuan Air, Xiamenair Sanya
39%
Air China, China Southern, Hainan Air Changchun
38%
Air China Dusseldorf
38%
Air Mauritius Mauritius
38%
Air China Minsk
38%
S7 Ulan-Ude
38%
Air China Naha
37%
China Eastern Vientiane
37%
Shandong Air Jinan
36%
Air China, China Eastern, Hainan Air Lanzhou
36%
Air China, China Eastern, Hainan Air Ningbo
36%
Hainan Air Belgrade
35%
Air China, Jeju Air Daegu
34%
TAAG Angola Air Luanda
34%
Air China, Beijing Capital Air, Hainan Air Hohhot
33%
China Eastern, Shenzhen Air Wuxi
33%
Ural Air Yekaterinburg
33%
Hainan Air San Jose (CA)
32%
Air China Sendai
32%
Hainan Air, S7 Irkutsk
30%
Air China, China Eastern, Hainan Air Nanchang
29%
Air China, China Eastern Taiyuan
29%
Air China, China Southern, Grand China Air Guilin
28%
Air China, China Southern, Hainan Air Guiyang
28%
Air China Havana
28%
China Southern Tbilisi
27%
Air China, China Eastern, Shandong Air Yantai
27%
Air China Panama City
24%
Shenzhen Air, Xiamenair Quanzhou
24%
Air China, China Eastern, China Southern, Hainan Air Xining
23%
Air China, China Southern, Shandong Air Zhuhai
23%
Air China, China Eastern, China Southern, Grand China Air, Shandong Air Yinchuan
21%
Air China, Beijing Capital Air, Hainan Air Baotou
20%
Air China Kashgar
20%
Air China, China Eastern Changzhou
19%
Aeroflot, S7 Khabarovsk
19%
Air China, Shenzhen Air Nantong
19%
Iraqi Air Basra
18%
Ural Air Krabi
18%
China Eastern Luoyang
18%
Air China Qiqihar
18%
Air China, Shandong Air Weihai
18%
S7 Yakutsk
18%
Air China Yangzhou
18%
Xiamenair Kota Kinabalu
17%
Air Seychelles Mahe
17%
Air China, China Southern Beihai
16%
NordStar Air, S7 Krasnoyarsk–Yemelyanovo
16%
Air China Taizhou
16%
Air China Zhanjiang
16%
Air China Dandong
15%
Air China Datong
15%
Air China, China Southern Ganzhou
15%
Air China, Beijing Capital Air, China Eastern Lijiang
15%
Air China, Beijing Capital Air, Hainan Air Yichang
15%
Air China, China Southern Jieyang
14%
China Eastern Lianyungang
14%
Air China, China Southern Daqing
13%
China Eastern Linyi
13%
Air China Liuzhou
13%
Air China, Grand China Air Mudanjiang
13%
China Eastern Naypyidaw
13%
Vietnam Air Nha Trang
13%
Hainan Air Yan'an
13%
China Southern Anshan
12%
Air China, China Eastern Chifeng
12%
China Eastern Huai'an
12%
China Eastern Luzhou
12%
Air China Mianyang
12%
China Southern Nanchong
12%
Air China Ordos
12%
China Eastern Xishuangbanna
12%
Air China, Shandong Air Yancheng
12%
Air China Yibin
12%
Air China, China Southern Zhangjiajie
12%
Air China Aksu
11%
Air China Chita
11%
Air China, China Eastern Dunhuang
11%
Air China, Beijing Capital Air, Grand China Air Hailar
11%
Air China Hakodate
11%
Air China Huangshan
11%
China Eastern Pu'er
11%
China Eastern Saipan
11%
Hainan Air Tijuana
11%
Hainan Air Weifang
11%
Sichuan Air Xichang
11%
Air China, China Southern Yiwu
11%
Xiamenair Zhoushan
11%
Air China, China Southern Zunyi
11%
China Southern Changde
10%
Asiana Air, Beijing Capital Air Cheongju
10%
Air China Dazhou
10%
China Eastern Enshi
10%
Air China Guangyuan
10%
China Southern Heihe
10%
Air China Jingdezhen
10%
China Eastern Jining
10%
Asiana Air Muan
10%
Shandong Air Rizhao
10%
Air China Tongliao
10%
Shenzhen Air Xiangyang
10%
China Eastern Baoshan
9%
Hainan Air Dongying
9%
Air China Fuyang
9%
Air China Fuyuan
9%
Air China Hotan
9%
Air China, Hainan Air Jiamusi
9%
Philippine Air Kalibo
9%
Air China Liupanshui
9%
Beijing Capital Air, Hainan Air Manzhouli
9%
China Southern Mohe
9%
Sichuan Air Panzhihua
9%
Air China Turpan
9%
Xiamenair Wuyishan
9%
China Southern, Shenzhen Air Yichun
9%
Air China Yuncheng
9%
China Eastern Asahikawa
8%
China Southern Diqing
8%
Air China Hami
8%
China Eastern Jiayuguan
8%
Air China Jiuzhaigou
8%
Beijing Capital Air Jixi
8%
Air China, Hainan Air Wuhai
8%
Hainan Air Anqing
7%
Air China Chaoyang
7%
China Eastern Hanzhong
7%
Air China Karamay
7%
Air China, China Southern Korla
7%
China Eastern, Lucky Air Tengchong
7%
Air China Xilinhot
7%
Air China, China Southern Yining
7%
Hainan Air Changzhi
6%
China Southern Huaihua
6%
Air China Jinggangshan
6%
China Eastern Lincang
6%
China Eastern, Lucky Air Mangshi
6%
Air China Tonghua
6%
China Southern Tongren
6%
Air China Ulanhot
6%
China Eastern Zhaotong
6%
Sichuan Air Zhongwei
6%
Air China Bayannur
5%
Beijing Capital Air Erenhot
5%
China Eastern Jiagedaqi
5%
China Eastern Lüliang
5%
China Eastern Qianjiang
5%
Air China, China Southern Yangji
5%
No matching quizzes found
Score Distribution
Percent of People with Each Score
Percentile by Number Answered
Your Score History
You have not taken this quiz since the last reset